¡Ronquidos! / (Registro nro. 3973)
[ vista simple ]
| 000 -LEADER | |
|---|---|
| fixed length control field | 01104nam a2200313Ia 4500 |
| 003 - CONTROL NUMBER IDENTIFIER | |
| control field | OSt |
| 005 - DATE AND TIME OF LATEST TRANSACTION | |
| control field | 20200603151046.0 |
| 008 - FIXED-LENGTH DATA ELEMENTS--GENERAL INFORMATION | |
| fixed length control field | 191128s9999 xx 000 0 und d |
| 020 ## - INTERNATIONAL STANDARD BOOK NUMBER | |
| International Standard Book Number | 9789580493952 |
| 040 ## - CATALOGING SOURCE | |
| Original cataloging agency | CO-JMCR |
| Transcribing agency | CO-JMCR |
| 041 ## - LANGUAGE CODE | |
| Language code of text/sound track or separate title | spa |
| 082 ## - DEWEY DECIMAL CLASSIFICATION NUMBER | |
| Classification number | C / |
| Item number | ROSr |
| 100 ## - MAIN ENTRY--PERSONAL NAME | |
| Personal name | Rose, Michael, autor |
| 9 (RLIN) | 4917 |
| 245 #0 - TITLE STATEMENT | |
| Title | ¡Ronquidos! / |
| 245 #0 - TITLE STATEMENT | |
| Statement of responsibility, etc. | Michael Rosen ; ilustraciones Jonathan Langley ; traducción Cristina Aparicio |
| 260 ## - PUBLICATION, DISTRIBUTION, ETC. | |
| Place of publication, distribution, etc. | Bogotá |
| 260 ## - PUBLICATION, DISTRIBUTION, ETC. | |
| Name of publisher, distributor, etc. | Norma, |
| 260 ## - PUBLICATION, DISTRIBUTION, ETC. | |
| Date of publication, distribution, etc. | 2007 |
| 300 ## - PHYSICAL DESCRIPTION | |
| Extent | 29 páginas |
| 300 ## - PHYSICAL DESCRIPTION | |
| Other physical details | ilustraciones a color |
| 300 ## - PHYSICAL DESCRIPTION | |
| Dimensions | 24 cm |
| 490 ## - SERIES STATEMENT | |
| Series statement | Buenas noches |
| 520 ## - SUMMARY, ETC. | |
| Summary, etc. | La granja estaba en completo silencio. Todos los animales estaban durmiendo. Entonces se escuchó un terrible ronquido que los despertó a todos, excepto al perro… era él quien roncaba. El ruido era tan fuerte que jamás conciliarían el sueño. |
| 521 ## - TARGET AUDIENCE NOTE | |
| Target audience note | Recomendado de 0 a 2 años. |
| 650 ## - SUBJECT ADDED ENTRY--TOPICAL TERM | |
| Topical term or geographic name entry element | Cuentos infantiles |
| 9 (RLIN) | 4918 |
| 700 ## - ADDED ENTRY--PERSONAL NAME | |
| Personal name | Langley, Jonathan, |
| Relator term | ilustrador |
| 9 (RLIN) | 4919 |
| 700 ## - ADDED ENTRY--PERSONAL NAME | |
| Personal name | Aparicio, Cristina, |
| Relator term | traductor |
| 9 (RLIN) | 254 |
| 942 ## - ADDED ENTRY ELEMENTS (KOHA) | |
| Source of classification or shelving scheme | Dewey Decimal Classification |
| Koha item type | Books |
| Withdrawn status | Lost status | Source of classification or shelving scheme | Damaged status | Not for loan | Collection code | Home library | Current library | Date acquired | Source of acquisition | Cost, normal purchase price | Total Checkouts | Total Renewals | Full call number | Barcode | Date last seen | Date last checked out | Copy number | Koha item type |
|---|---|---|---|---|---|---|---|---|---|---|---|---|---|---|---|---|---|---|
| Dewey Decimal Classification | Fiction | Biblioteca Pública José María del Castillo y Rada | Biblioteca Pública José María del Castillo y Rada | 11/28/2019 | Donación | 0.00 | 14 | 2 | C / ROSr | 201808780 | 01/28/2026 | 01/28/2026 | Ej.1 | Books |